000 01080nam a22002417a 4500
005 20260213120522.0
008 260213b |||||||| |||| 00| 0 eng d
020 _a9788183613910 (hbk)
037 _cTB
040 _aCRL
_cCRL
041 _2hin
_ahin
084 _aO152,2:gN Q5
_qCRL
100 _aतनेजा, जयदेव
_91115608
245 _aआधुनिक भारतीय नाट्य - विमर्श
250 _a2 संस्करण
260 _aनई दिल्ली, भारत:
_bराधाकृष्ण प्रकाशन,
_c2015.
300 _a311पृ.
365 _b995.00
_cINR
650 _aहिन्दी नाटक
_91115609
650 _aहिन्दी साहित्य
_91115610
942 _2CC
_cTB
_e2 संस्करण
_hO152,2:gN Q5
_n0
999 _c1679549
_d1679549